Handbook of Structural Steelwork (Record no. 107868)

MARC details
000 -LEADER
fixed length control field 01408cam a22002655a 4500
001 - CONTROL NUMBER
control field L142350
008 - FIXED-LENGTH DATA ELEMENTS--GENERAL INFORMATION
fixed length control field 080207s2007 xxkad f fs 000 0 eng d
020 ## - INTERNATIONAL STANDARD BOOK NUMBER
International Standard Book Number 9781859421741
035 ## - SYSTEM CONTROL NUMBER
System control number (Sirsi) u142350
041 0# - LANGUAGE CODE
Language code of text/sound track or separate title eng
050 04 - LIBRARY OF CONGRESS CALL NUMBER
Classification number 693.71 $2 18
110 2# - MAIN ENTRY--CORPORATE NAME
Corporate name or jurisdiction name as entry element British Constructional Steelwork Association Ltd
9 (RLIN) 1560
245 00 - TITLE STATEMENT
Title Handbook of Structural Steelwork
250 ## - EDITION STATEMENT
Edition statement 4th ed.
260 ## - PUBLICATION, DISTRIBUTION, ETC.
Place of publication, distribution, etc. London
-- Ascot
Name of publisher, distributor, etc. BCSA
-- Steel Construction Institute
Date of publication, distribution, etc. 2007
300 ## - PHYSICAL DESCRIPTION
Extent 381p.
Dimensions 21cm.
505 2# - FORMATTED CONTENTS NOTE
Formatted contents note General design considerations -- Local resistance of cross-sections -- Beams -- Members in tension and compression -- Trusses -- General design data -- Explanatory notes -- Section and steel grade designations -- Tables of dimensions and gross section properties -- Member capacities -- Bolt capacities -- Welds
520 ## - SUMMARY, ETC.
Summary, etc. Provides a practical guide to designing structural steel elements for buildings. Contains technical design data and design tables as well as a section offering general guidance. Includes bending movement diagrams, shear force diagrams and expressions for deflection calculation. Produced in accordance with BS5950-1:2000. Fourth edition includes a new range of sections.
521 2# - TARGET AUDIENCE NOTE
Target audience note Expert
590 ## - LOCAL NOTE (RLIN)
Local note KA
651 #4 - SUBJECT ADDED ENTRY--GEOGRAPHIC NAME
Geographic name International
690 ## - LOCAL SUBJECT ADDED ENTRY--TOPICAL TERM (OCLC, RLIN)
Topical term or geographic name as entry element BUILT ENVIRONMENT-BUILDING ELEMENTS
690 ## - LOCAL SUBJECT ADDED ENTRY--TOPICAL TERM (OCLC, RLIN)
Topical term or geographic name as entry element BUILT ENVIRONMENT-BUILDING MATERIALS-METAL-STEEL
942 ## - ADDED ENTRY ELEMENTS (KOHA)
Suppress in OPAC 0
Holdings
Withdrawn status Lost status Source of classification or shelving scheme Damaged status Not for loan Home library Current library Shelving location Date acquired Total Checkouts Full call number Barcode Date last seen Date last checked out Copy number Price effective from Koha item type
    Dewey Decimal Classification     London London Books 07/02/2008 1 693.71 30072610 06/08/2019 26/06/2008 1 06/08/2019 Book